[Event "GER-ch Youth U10 2020"]
[Site "Willingen"]
[Date "2020.10.28"]
[Round "2.25"]
[White "Marcziter, Alex"]
[Black "Peters, Lasse"]
[Result "1-0"]
[WhiteElo "1401"]
[BlackElo "1223"]
[Annotator "NA RC"]
[PlyCount "111"]
[EventDate "2020.10.27"]
[EventType "swiss"]
[EventRounds "7"]
[EventCountry "GER"]
[SourceTitle "playchess.com"]
[Source "ChessBase"]
[SourceQuality "1"]
[TimeControl "40/4500+30:900+30"]

1. e4 {[%emt 0:00:00]} e5 {[%emt 0:00:00]} 2. Nf3 {[%emt 0:00:00]} Nc6 {[%emt 0:00:00]} 3. Bc4 {[%emt 0:00:12]} Nf6 {[%emt 0:00:36]} 4. Ng5 {[%emt 0:00:38]} d5 {[%emt 0:01:10]} 5. exd5 {[%emt 0:00:28]} Na5 {[%emt 0:00:08]} 6. Bb5+ {[%emt 0:00:25]} c6 {[%emt 0:00:24]} 7. dxc6 {[%emt 0:00:31]} bxc6 {[%emt 0:00:31]} 8. Be2 {[%emt 0:00:38]} Nd5 {[%emt 0:00:58]} 9. Ne4 {[%emt 0:02:15]} Bf5 {[%emt 0:00:21]} 10. d3 {[%emt 0:03:29]} Bxe4 {[%emt 0:01:00]} 11. dxe4 {[%emt 0:00:09]} Nf6 {[%emt 0:00:30]} 12. Qxd8+ {[%emt 0:02:54]} Rxd8 {[%emt 0:00:03]} 13. Bd3 {[%emt 0:00:09]} Be7 {[%emt 0:00:48]} 14. Be3 {[%emt 0:04:18]} c5 {[%emt 0:00:21]} 15. b3 {[%emt 0:00:56]} O-O {[%emt 0:00:36]} 16. Nd2 {[%emt 0:02:59]} Rd7 {[%emt 0:01:23]} 17. f3 {[%emt 0:03:14]} Rc8 {[%emt 0:01:12]} 18. Nc4 {[%emt 0:02:30]} Nxc4 {[%emt 0:00:21]} 19. Bxc4 {[%emt 0:00:17]} Rdd8 {[%emt 0:00:41]} 20. Ke2 {[%emt 0:03:08]} Nd7 {[%emt 0:00:28]} 21. Rhd1 {[%emt 0:03:33]} Nb6 {[%emt 0:00:25]} 22. Bb5 {[%emt 0:00:40]} Ra8 {[%emt 0:00:48]} 23. Ba6 {[%emt 0:00:58]} f6 {[%emt 0:03:43]} 24. Rd2 {[%emt 0:02:46]} Rxd2+ {[%emt 0:00:51]} 25. Kxd2 {[%emt 0:00:20]} Rd8+ {[%emt 0:00:25]} 26. Ke2 {[%emt 0:00:13]} Kf7 {[%emt 0:00:42]} 27. Rd1 {[%emt 0:00:52]} Bd6 {[%emt 0:02:13]} 28. Bxc5 {[%emt 0:01:24]} Ke6 {[%emt 0:00:50]} 29. Rxd6+ {[%emt 0:01:11]} Rxd6 {[%emt 0:00:55]} 30. Bxd6 {[%emt 0:00:05]} Kxd6 {[%emt 0:00:04]} 31. Kd3 {[%emt 0:01:08]} Kc5 {[%emt 0:00:11]} 32. c3 {[%emt 0:00:26]} Nd7 {[%emt 0:00:15]} 33. a4 {[%emt 0:00:39]} Kb6 {[%emt 0:00:09]} 34. Bb5 {[%emt 0:00:07]} Nc5+ {[%emt 0:00:23]} 35. Kc4 {[%emt 0:00:11]} a6 {[%emt 0:00:10]} 36. Be8 {[%emt 0:00:50]} g5 {[%emt 0:01:59]} 37. a5+ {[%emt 0:00:09]} Kc7 {[%emt 0:01:22]} 38. Kxc5 {[%emt 0:00:10]} Kd8 {[%emt 0:00:13]} 39. Bc6 {[%emt 0:00:10]} Ke7 {[%emt 0:00:09]} 40. b4 {[%emt 0:00:05]} Ke6 {[%emt 0:00:16]} 41. Bd5+ {[%emt 0:15:10]} Ke7 {[%emt 0:15:54]} 42. Kb6 {[%emt 0:00:06]} h5 {[%emt 0:00:30]} 43. Kxa6 {[%emt 0:00:09]} g4 {[%emt 0:01:08]} 44. b5 {[%emt 0:00:19]} gxf3 {[%emt 0:00:11]} 45. gxf3 {[%emt 0:00:06]} Kf8 {[%emt 0:00:45]} 46. b6 {[%emt 0:00:06]} Kg7 {[%emt 0:00:35]} 47. b7 {[%emt 0:00:05]} Kg6 {[%emt 0:00:21]} 48. b8=Q {[%emt 0:00:05]} Kg5 {[%emt 0:00:25]} 49. Qg8+ {[%emt 0:00:16]} Kf4 {[%emt 0:00:21]} 50. Qg3+ {[%emt 0:00:12]} Ke3 {[%emt 0:00:19]} 51. f4+ {[%emt 0:00:11]} Kd2 {[%emt 0:00:19]} 52. Bc4 {[%emt 0:00:10]} exf4 {[%emt 0:00:39]} 53. Qd3+ {[%emt 0:00:05]} Kc1 {[%emt 0:00:26]} 54. Bb3 {[%emt 0:00:11]} Kb2 {[%emt 0:00:32]} 55. Qc2+ {[%emt 0:00:05]} Ka3 {[%emt 0:00:22]} 56. Qa2# 1-0

[Event "GER-ch Youth U10 2020"]
[Site "Willingen"]
[Date "2020.10.28"]
[Round "2.26"]
[White "Zakharov, Alexander S."]
[Black "Yin, Vito"]
[Result "1-0"]
[WhiteElo "2428"]
[BlackElo "1320"]
[Annotator "TA"]
[PlyCount "85"]
[EventDate "2020.10.27"]
[EventType "swiss"]
[EventRounds "7"]
[EventCountry "GER"]
[SourceTitle "playchess.com"]
[Source "ChessBase"]
[SourceQuality "1"]

{[%evp 11,84,0,19,15,20,5,39,26,29,30,37,19,18,19,39,42,49,19,36,10,14,4,20,8,108,100,370,363,341,322,3237,3300,2527,2504,29988,29988,29990,29967,29994,7297,3512,2824,6399,5877,29991,29990,29991,29991,29991,29992,29992,29992,29992,29993,29993,29994,29994,29995,29998,29996,29996,29996,29997,29996,29996,29996,29997,29997,29997,29998,29998,29998,29998,29999,29999]} 1. e4 e5 2. Nf3 Nc6 3. Bc4 d6 4. h3 Be7 5. d3 Nf6 6. Nc3 a6 7. a4 {C55: Two Knights: 4 d3, 4 d4 exd4 5 e5 and Max Lange Attack.} O-O 8. O-O Re8 {[#]} 9. Be3 $146 {White is slightly better.} ({Predecessor:} 9. Ng5 Rf8 10. f4 exf4 11. Bxf4 h6 12. Nxf7 Rxf7 13. Bxf7+ Kxf7 14. d4 Kg8 15. e5 dxe5 16. dxe5 {½-½ (57) Nguyen Le Phuc,H-Pham,M Hue 2003}) 9... Bf8 10. Bg5 Be6 11. Bxf6 Qxf6 12. Bxe6 Rxe6 13. Nd5 $36 {[%mdl 2048] Black is under pressure.} Qd8 14. Re1 Ne7 15. Nxe7+ Rxe7 16. c3 b5 17. d4 f6 (17... exd4 $11 {keeps the balance.} 18. Nxd4 Qe8) 18. dxe5 $16 fxe5 $2 {[%mdl 8192] Loses the game.} (18... dxe5 $16 {is a better defense.} 19. Qb3+ Kh8) 19. Qd5+ Kh8 20. axb5 axb5 $2 (20... a5 21. Ra4 Rb8 22. Rxa5 g6) 21. Rxa8 $18 Qxa8 22. Qxa8 {[%cal Ra8f8]} Kg8 23. Ra1 h6 24. Ra7 Rf7 {[#]} 25. Rb7 (25. Qd5 $142 $1 Be7 26. Rxc7 Kh8 27. Qxf7 Bf6 28. Qf8+ {[%mdl 64] Double Attack} Kh7 29. Qxf6 Kh8 30. Qxg7#) 25... Rf4 26. Qa7 c6 27. Qa8 d5 28. exd5 {White mates.} cxd5 29. Rb8 e4 30. Qxd5+ Kh7 31. Qe5 Rf6 32. Qxe4+ Kg8 33. Nh4 Kf7 34. Qd5+ {[%mdl 64] [#] Double Attack} Ke7 35. Nf5+ Rxf5 36. Qxf5 b4 37. Qxf8+ Ke6 38. Qc5 g5 39. Rb6+ Kd7 40. Qc6+ Kd8 41. Qa8+ Kc7 42. Qa7+ Kc8 43. Rb8# {Av CentiPawn Loss W=-7/B=-45. Weighted=-9/-192} 1-0

[Event "GER-ch Youth U10 2020"]
[Site "Willingen"]
[Date "2020.10.28"]
[Round "2.27"]
[White "Ehrath, Hendrik"]
[Black "Gulamzada, Elmir"]
[Result "1-0"]
[WhiteElo "1193"]
[BlackElo "1397"]
[Annotator "NA RC"]
[PlyCount "85"]
[EventDate "2020.10.27"]
[EventType "swiss"]
[EventRounds "7"]
[EventCountry "GER"]
[SourceTitle "playchess.com"]
[Source "ChessBase"]
[SourceQuality "1"]
[TimeControl "40/4500+30:900+30"]

1. e4 {[%emt 0:00:00]} e6 {[%emt 0:00:00]} 2. d4 {[%emt 0:00:00]} d5 {[%emt 0:00:00]} 3. exd5 {[%emt 0:00:00]} exd5 {[%emt 0:00:00]} 4. Bd3 {[%emt 0:00:14]} Nc6 {[%emt 0:00:35]} 5. Nf3 {[%emt 0:00:09]} Bg4 {[%emt 0:00:37]} 6. h3 {[%emt 0:00:13]} Bxf3 {[%emt 0:04:21]} 7. Qxf3 {[%emt 0:00:43]} Nxd4 {[%emt 0:01:10]} 8. Qe3+ {[%emt 0:00:11]} Qe7 {[%emt 0:00:15]} 9. Qxe7+ {[%emt 0:00:14]} Bxe7 {[%emt 0:00:12]} 10. Be3 {[%emt 0:00:58]} Nc6 {[%emt 0:00:27]} 11. O-O Nf6 {[%emt 0:00:29]} 12. Bb5 {[%emt 0:01:11]} O-O {[%emt 0:00:45]} 13. Bg5 {[%emt 0:00:26]} Nd4 {[%emt 0:02:06]} 14. Bd3 {[%emt 0:01:03]} h6 {[%emt 0:00:36]} 15. Bh4 {[%emt 0:01:18]} Rfe8 {[%emt 0:04:24]} 16. c3 {[%emt 0:00:20]} Nc6 {[%emt 0:01:11]} 17. Re1 {[%emt 0:00:16]} Bc5 18. Nd2 {[%emt 0:00:50]} Rxe1+ {[%emt 0:05:58]} 19. Rxe1 {[%emt 0:00:09]} Re8 {[%emt 0:00:47]} 20. Rxe8+ {[%emt 0:00:18]} Nxe8 21. a4 {[%emt 0:01:09]} Nf6 {[%emt 0:02:57]} 22. Bxf6 {[%emt 0:00:17]} gxf6 {[%emt 0:00:13]} 23. b4 {[%emt 0:00:10]} Ne5 {[%emt 0:02:33]} 24. Bf5 {[%emt 0:00:53]} Bd6 {[%emt 0:00:28]} 25. Bc8 {[%emt 0:00:35]} b6 {[%emt 0:00:33]} 26. Bb7 {[%emt 0:00:24]} c6 {[%emt 0:01:25]} 27. Nf3 Nxf3+ 28. gxf3 {[%emt 0:02:07]} Be5 {[%emt 0:01:20]} 29. Bxc6 {[%emt 0:00:31]} Bxc3 {[%emt 0:00:23]} 30. Bxd5 {[%emt 0:00:23]} Bxb4 {[%emt 0:00:00]} 31. Kf1 {[%emt 0:00:35]} Bc5 32. f4 {[%emt 0:00:18]} f5 {[%emt 0:01:36]} 33. Ke2 {[%emt 0:00:40]} Bd6 {[%emt 0:00:48]} 34. Ke3 {[%emt 0:00:34]} Kg7 {[%emt 0:00:43]} 35. h4 {[%emt 0:00:42]} Kg6 {[%emt 0:01:17]} 36. Kf3 f6 {[%emt 0:03:07]} 37. Kg3 {[%emt 0:01:07]} a6 {[%emt 0:03:58]} 38. Bc4 {[%emt 0:00:00]} a5 {[%emt 0:00:19]} 39. Bd3 {[%emt 0:00:24]} Bc5 {[%emt 0:06:47]} 40. f3 {[%emt 0:00:22]} Bb4 {[%emt 0:02:02]} 41. Bb5 {[%emt 0:15:58]} Be1+ {[%emt 0:17:30]} 42. Kh3 {[%emt 0:00:09]} Kh5 {[%emt 0:01:30]} 43. Be8# {[%emt 0:00:20]} 1-0

[Event "GER-ch Youth U10 2020"]
[Site "Willingen"]
[Date "2020.10.28"]
[Round "2.28"]
[White "Laux, Filip"]
[Black "Kutz, Paul Matti"]
[Result "1-0"]
[WhiteElo "1198"]
[BlackElo "1242"]
[Annotator "NA RC"]
[PlyCount "119"]
[EventDate "2020.10.27"]
[EventType "swiss"]
[EventRounds "7"]
[EventCountry "GER"]
[SourceTitle "playchess.com"]
[Source "ChessBase"]
[SourceQuality "1"]
[TimeControl "40/4500+30:900+30"]

1. e4 {[%emt 0:00:00]} e5 {[%emt 0:00:00]} 2. Nf3 {[%emt 0:00:00]} Nf6 {[%emt 0:00:33]} 3. Nc3 {[%emt 0:00:13]} Nc6 {[%emt 0:00:59]} 4. Bb5 {[%emt 0:00:38]} a6 {[%emt 0:00:30]} 5. Ba4 {[%emt 0:00:29]} b5 {[%emt 0:00:06]} 6. Bb3 {[%emt 0:00:16]} b4 {[%emt 0:01:07]} 7. Nd5 {[%emt 0:01:08]} Nxe4 {[%emt 0:03:45]} 8. Qe2 {[%emt 0:01:35]} Nc5 {[%emt 0:04:01]} 9. Nxe5 {[%emt 0:00:25]} Nd4 {[%emt 0:00:57]} 10. Nc6+ {[%emt 0:00:38]} Nxe2 11. Nxd8 Nxc1 {[%emt 0:01:52]} 12. Nxc7+ {[%emt 0:01:05]} Kxd8 13. Nxa8 N5xb3 {[%emt 0:02:02]} 14. axb3 {[%emt 0:00:36]} Bb7 {[%emt 0:00:34]} 15. Nb6 {[%emt 0:00:12]} Bc5 {[%emt 0:00:11]} 16. Nc4 {[%emt 0:00:19]} Bxg2 {[%emt 0:00:59]} 17. Rg1 {[%emt 0:01:10]} Re8+ {[%emt 0:01:14]} 18. Ne3 {[%emt 0:01:31]} Bd4 {[%emt 0:00:23]} 19. Rxc1 {[%emt 0:03:02]} Be4 {[%emt 0:02:47]} 20. c3 {[%emt 0:00:20]} bxc3 {[%emt 0:02:00]} 21. bxc3 {[%emt 0:03:49]} Be5 22. h3 f5 {[%emt 0:02:41]} 23. d4 {[%emt 0:09:20]} Bh2 {[%emt 0:00:24]} 24. Rxg7 {[%emt 0:02:12]} f4 {[%emt 0:05:29]} 25. Nc4 {[%emt 0:02:17]} Bg2+ {[%emt 0:01:25]} 26. Ne5 {[%emt 0:01:03]} Bf3 {[%emt 0:04:11]} 27. Rxd7+ {[%emt 0:01:43]} Kc8 {[%emt 0:00:14]} 28. Rxh7 {[%emt 0:01:47]} Be4 {[%emt 0:01:17]} 29. Rh5 {[%emt 0:01:03]} Bg6 {[%emt 0:01:01]} 30. Rg5 {[%emt 0:00:32]} Be4 {[%emt 0:00:13]} 31. Kd2 {[%emt 0:00:26]} f3 {[%emt 0:00:05]} 32. Re1 {[%emt 0:00:36]} Bf4+ {[%emt 0:01:04]} 33. Kd1 {[%emt 0:00:57]} Bxg5 {[%emt 0:02:16]} 34. Rxe4 {[%emt 0:00:25]} Rh8 {[%emt 0:00:15]} 35. Nxf3 {[%emt 0:00:44]} Bf6 {[%emt 0:02:44]} 36. h4 {[%emt 0:01:06]} Kd7 {[%emt 0:00:36]} 37. Kd2 {[%emt 0:00:40]} a5 {[%emt 0:02:29]} 38. Kd3 {[%emt 0:00:33]} Kd6 {[%emt 0:00:08]} 39. Kc4 {[%emt 0:00:42]} Rb8 {[%emt 0:00:08]} 40. Ng5 {[%emt 0:01:13]} Bd8 {[%emt 0:00:39]} 41. Nf7+ {[%emt 0:16:57]} Kd7 {[%emt 0:15:24]} 42. Nxd8 {[%emt 0:00:59]} Rc8+ {[%emt 0:00:07]} 43. Kd3 {[%emt 0:00:12]} Kxd8 {[%emt 0:00:16]} 44. Re5 {[%emt 0:00:23]} Rb8 {[%emt 0:00:34]} 45. Kc4 {[%emt 0:00:19]} Rc8+ {[%emt 0:00:11]} 46. Rc5 {[%emt 0:00:05]} Rb8 {[%emt 0:00:14]} 47. Rxa5 {[%emt 0:00:12]} Rc8+ {[%emt 0:00:07]} 48. Rc5 {[%emt 0:00:03]} Rb8 {[%emt 0:00:21]} 49. b4 {[%emt 0:00:09]} Rb7 {[%emt 0:00:05]} 50. h5 {[%emt 0:00:53]} Rh7 {[%emt 0:00:06]} 51. b5 {[%emt 0:00:27]} Rf7 {[%emt 0:00:19]} 52. h6 {[%emt 0:00:22]} Rxf2 {[%emt 0:00:14]} 53. h7 {[%emt 0:00:04]} Rh2 {[%emt 0:00:11]} 54. Rc6 {[%emt 0:00:21]} Rxh7 55. Kc5 {[%emt 0:00:06]} Rh6 {[%emt 0:00:23]} 56. Rxh6 {[%emt 0:00:10]} Kc7 {[%emt 0:00:08]} 57. b6+ {[%emt 0:00:09]} Kb7 {[%emt 0:00:08]} 58. Rh7+ {[%emt 0:00:09]} Kb8 {[%emt 0:00:25]} 59. Kc6 {[%emt 0:00:05]} Kc8 {[%emt 0:00:11]} 60. Rh8# {[%emt 0:00:06]} 1-0

[Event "GER-ch Youth U10 2020"]
[Site "Willingen"]
[Date "2020.10.28"]
[Round "2.29"]
[White "Agirretxe San Sebastian, Jesus M"]
[Black "Zimmer, Tim"]
[Result "0-1"]
[WhiteElo "2117"]
[BlackElo "1025"]
[Annotator "TA"]
[PlyCount "90"]
[EventDate "2020.10.27"]
[EventType "swiss"]
[EventRounds "7"]
[EventCountry "GER"]
[SourceTitle "playchess.com"]
[Source "ChessBase"]
[SourceQuality "1"]

{[%evp 13,90,10,42,23,23,17,130,75,70,28,85,0,97,97,107,90,186,188,242,33,38,-42,-47,-55,-60,-69,-64,-67,-62,-122,-104,-123,-66,-170,-76,-79,-27,-154,-103,-156,0,-64,-44,-71,24,-105,0,0,170,-58,-72,-81,-81,-571,-491,-1210,-1153,-1180,-1117,-1156,-820,-774,-742,-1962,-1843,-1666,-1319,-1301,-1054,-1050,-1020,-12793,-5285,-4602,-2756,-29991,-29992,-29997,-29998]} 1. d4 Nf6 2. c4 e6 3. Nf3 b6 4. g3 Bb4+ 5. Bd2 Be7 6. Bg2 Bb7 7. Nc3 Ne4 8. Nxe4 {E16: Queen's Indian: 4 g3 Bb7 5 Bg2 Bb4+.} Bxe4 9. O-O g5 (9... O-O $11 {remains equal.}) 10. Bc3 (10. d5 $142) 10... d5 $16 11. c5 h5 (11... O-O $11) 12. Qa4+ (12. Ne5 $16) 12... Nd7 (12... Qd7 $11 13. Qa3 Nc6) 13. Ne5 {Strongly threatening Bxe4.} Bxg2 14. Kxg2 {Hoping for Qc6.} bxc5 (14... Bf6 $16) 15. dxc5 {And now Nxd7 would win.} f6 16. Nxd7 $2 ({Less strong is} 16. Ng6 Rg8 $16) (16. Nc6 $1 $18 {[%cal Rc6d8]} Qc8 17. Nxe7 Kxe7 18. f4) 16... Qxd7 $14 17. Qxd7+ (17. c6 $14 Qd6 18. e4) 17... Kxd7 $15 18. b4 e5 19. Rfd1 Ke6 20. e3 h4 21. f4 (21. f3 $15) 21... h3+ 22. Kf2 {[#]} Rhg8 (22... a5 $1 $17 {[%mdl 512]} 23. a3 (23. bxa5 gxf4) 23... gxf4 24. gxf4 axb4 25. axb4 Rxa1 26. Rxa1 Rg8) 23. Kf3 (23. f5+ $15 Kxf5 24. Rxd5) 23... g4+ (23... gxf4 $19 {and Black stays clearly on top.} 24. exf4 a5 $1 {[%mdl 512]}) 24. Kf2 $17 Raf8 (24... a5 $17 25. a3 c6) 25. c6 (25. Rab1 $11 {keeps the balance.}) 25... a6 (25... Rb8 $142 26. a3 Rb6) 26. a4 ({White should try} 26. Rdc1) 26... Kd6 $2 ({Black should play} 26... Rb8 $17 27. Rdb1 Rb6) 27. b5 (27. f5 $11 Kxc6 28. Rac1) 27... axb5 28. axb5 Ra8 ({Better is} 28... Ke6 $17) 29. Ra5 (29. Bb4+ $11 Ke6 30. f5+ Kf7 31. Ba5) 29... Rxa5 (29... Kc5 $17 30. Rb1 Bd6) 30. Bxa5 {[%mdl 4096] Endgame Black should prevent Bb4+. KRB-KRB} Rd8 $2 {[#]} (30... Kc5 $11) 31. f5 $2 (31. Bb4+ $1 $18 Ke6 {[#]} 32. f5+ $1 {[%mdl 512]} Kf7 33. Ba5) 31... Kc5 $15 {...Ra8 is the strong threat.} 32. Bxc7 Rc8 33. Rb1 $2 {[%mdl 8192]} (33. b6 $17 {was the crucial defense.} Kxc6 34. Ra1) 33... Rxc7 $19 {KRB-KR} 34. b6 (34. e4 $142 Bd6 35. exd5 Kxd5 36. Ke3) 34... Rxc6 35. b7 Bd6 36. b8=Q Bxb8 37. Rxb8 {KR-KR} Rb6 38. Rg8 Rb2+ 39. Kg1 Rg2+ 40. Kh1 Re2 {[%cal Re2e1]} 41. Kg1 Rxe3 42. Rxg4 Rf3 43. Rh4 d4 44. g4 d3 45. g5 d2 {Black used his chance. Av CentiPawn Loss W=-123/B=-122. Weighted=-143/-111} 0-1

[Event "GER-ch Youth U10 2020"]
[Site "Willingen"]
[Date "2020.10.28"]
[Round "3.1"]
[White "Xue, Luka"]
[Black "Besou, Hussain"]
[Result "1/2-1/2"]
[WhiteElo "1473"]
[BlackElo "1825"]
[Annotator "NA"]
[PlyCount "62"]
[EventDate "2020.10.27"]
[EventType "swiss"]
[EventRounds "7"]
[EventCountry "GER"]
[SourceTitle "playchess.com"]
[Source "ChessBase"]
[SourceQuality "1"]
[TimeControl "40/4500+30:900+30"]

1. d4 {[%emt 0:00:00]} Nf6 {[%emt 0:00:00]} 2. Nf3 {[%emt 0:00:11]} g6 {[%emt 0:00:00]} 3. g3 {[%emt 0:00:52]} b6 {[%emt 0:00:00]} 4. Bg2 {[%emt 0:00:29]} Bb7 {[%emt 0:00:00]} 5. O-O {[%emt 0:00:13]} Bg7 {[%emt 0:00:01]} 6. c4 {[%emt 0:00:55]} O-O {[%emt 0:00:10]} 7. Nc3 {[%emt 0:00:53]} Ne4 {[%emt 0:00:22]} 8. Qc2 {[%emt 0:00:35]} Nxc3 {[%emt 0:00:08]} 9. bxc3 {[%emt 0:00:32]} d6 {[%emt 0:00:37]} 10. e4 {[%emt 0:00:47]} e5 {[%emt 0:00:12]} 11. d5 {[%emt 0:00:35]} Nd7 {[%emt 0:00:16]} 12. Bg5 {[%emt 0:02:18]} Qe8 {[%emt 0:04:00]} 13. Bh3 {[%emt 0:02:35]} Nc5 {[%emt 0:00:21]} 14. Nd2 {[%emt 0:00:50]} h6 {[%emt 0:01:05]} 15. Be3 {[%emt 0:00:30]} Qa4 {[%emt 0:05:30]} 16. Rfc1 {[%emt 0:03:50]} Qxc2 {[%emt 0:02:09]} 17. Rxc2 {[%emt 0:00:06]} Na6 {[%emt 0:01:39]} 18. a4 {[%emt 0:01:19]} Bc8 {[%emt 0:10:57]} 19. Bxc8 {[%emt 0:01:51]} Rfxc8 {[%emt 0:00:59]} 20. a5 {[%emt 0:00:45]} Nc5 {[%emt 0:00:48]} 21. Rca2 {[%emt 0:01:42]} a6 {[%emt 0:01:01]} (21... Rab8 $11) 22. axb6 {[%emt 0:00:51]} cxb6 {[%emt 0:00:06]} 23. Bxc5 $1 {[%emt 0:00:47]} bxc5 {[%emt 0:00:47]} 24. Rxa6 {[%emt 0:00:54]} Rxa6 {[%emt 0:00:05]} 25. Rxa6 {[%emt 0:00:04]} Bf8 {[%emt 0:00:07]} 26. Kf1 {[%emt 0:01:02]} Rb8 {[%emt 0:00:13]} 27. Ke2 {[%emt 0:00:15]} Kg7 {[%emt 0:00:17]} 28. f4 {[%emt 0:00:35]} exf4 {[%emt 0:02:10]} 29. gxf4 {[%emt 0:01:36]} g5 {[%emt 0:00:06]} 30. Ke3 {[%emt 0:01:53]} f6 {[%emt 0:01:14]} (30... Be7 $16) 31. Ra7+ {[%emt 0:00:56]} Kg8 $18 {[%emt 0:00:33]} 1/2-1/2

[Event "GER-ch Youth U10 2020"]
[Site "Willingen"]
[Date "2020.10.28"]
[Round "3.2"]
[White "Burkart, Lloyd Shang"]
[Black "Goldmann, David"]
[Result "1/2-1/2"]
[WhiteElo "1508"]
[BlackElo "1644"]
[Annotator "NA"]
[PlyCount "69"]
[EventDate "2020.10.27"]
[EventType "swiss"]
[EventRounds "7"]
[EventCountry "GER"]
[SourceTitle "playchess.com"]
[Source "ChessBase"]
[SourceQuality "1"]
[TimeControl "40/4500+30:900+30"]

1. d4 {[%emt 0:00:00]} Nf6 {[%emt 0:00:00]} 2. c4 {[%emt 0:00:00]} e6 {[%emt 0:00:00]} 3. g3 {[%emt 0:00:28]} d5 {[%emt 0:01:02]} 4. Nf3 {[%emt 0:00:33]} c5 {[%emt 0:00:51]} 5. cxd5 {[%emt 0:00:40]} exd5 {[%emt 0:02:54]} 6. Bg2 {[%emt 0:01:18]} Nc6 {[%emt 0:00:15]} 7. O-O {[%emt 0:00:43]} Be6 {[%emt 0:00:24]} 8. b3 {[%emt 0:03:04]} Be7 {[%emt 0:01:58]} 9. dxc5 {[%emt 0:00:27]} Bxc5 {[%emt 0:00:21]} 10. Nc3 {[%emt 0:01:46]} O-O {[%emt 0:01:44]} 11. Bb2 {[%emt 0:01:08]} a6 {[%emt 0:01:30]} 12. Rc1 {[%emt 0:01:34]} Qe7 {[%emt 0:04:20]} 13. Qc2 {[%emt 0:04:20]} Ba7 {[%emt 0:01:51]} 14. Rfd1 {[%emt 0:05:06]} Rfd8 {[%emt 0:01:52]} 15. Na4 {[%emt 0:08:57]} Rac8 {[%emt 0:01:40]} 16. Qb1 {[%emt 0:08:25]} Bg4 {[%emt 0:04:30]} 17. e3 {[%emt 0:03:38]} b5 {[%emt 0:01:32]} 18. Nc3 {[%emt 0:00:19]} Bb6 {[%emt 0:06:03]} 19. h3 {[%emt 0:07:31]} Bh5 {[%emt 0:01:16]} 20. Ne2 {[%emt 0:00:35]} Bg6 {[%emt 0:05:37]} 21. Qa1 {[%emt 0:00:36]} Re8 {[%emt 0:06:01]} 22. Nf4 {[%emt 0:07:24]} Be4 {[%emt 0:09:20]} 23. Bxf6 {[%emt 0:01:22]} gxf6 {[%emt 0:00:26]} 24. Nxd5 {[%emt 0:01:28]} Bxd5 {[%emt 0:01:20]} 25. Rxd5 {[%emt 0:00:15]} Nb4 {[%emt 0:01:37]} 26. Rxc8 {[%emt 0:06:00]} Rxc8 {[%emt 0:00:14]} 27. Rf5 {[%emt 0:02:34]} Rc6 {[%emt 0:03:03]} 28. Nd2 {[%emt 0:14:52]} Qd7 {[%emt 0:04:08]} 29. Bxc6 {[%emt 0:00:50]} Qxf5 {[%emt 0:01:22]} 30. Be4 {[%emt 0:00:34]} Qg5 {[%emt 0:02:43]} 31. Nf1 {[%emt 0:01:24]} Kg7 {[%emt 0:00:57]} 32. Qb2 {[%emt 0:01:44]} h6 {[%emt 0:01:17]} 33. Qd2 {[%emt 0:00:22]} a5 {[%emt 0:00:22]} 34. Bb7 {[%emt 0:00:19]} Qc5 {[%emt 0:00:52]} 35. Qd1 1/2-1/2